Subsidence claims increase (Record no. 117013)

MARC details
000 -LEADER
fixed length control field 00973cam a2200205 4500
001 - CONTROL NUMBER
control field WB4006-01
008 - FIXED-LENGTH DATA ELEMENTS--GENERAL INFORMATION
fixed length control field 040211n2003 000 0 eng u
035 ## - SYSTEM CONTROL NUMBER
System control number (Sirsi) u125106
245 ## - TITLE STATEMENT
Title Subsidence claims increase
260 ## - PUBLICATION, DISTRIBUTION, ETC.
Date of publication, distribution, etc. 2003
490 ## - SERIES STATEMENT
Series statement Zurich Municipal Press Release
Volume/sequential designation 23 December 2003 (2)
520 ## - SUMMARY, ETC.
Summary, etc. Properties managed by local authorities are at increased risk from subsidence as Zurich Municipal has seen claims more than double in autumn 2003 compared to 2002. Tree roots have been blamed in two-thirds of cases. A period of heavy rain following the long, dry summer and autumn have worsened the risk. http://www.zurich.co.uk/Municipal/SocialHousing/Pu blications/Press+Releases/Local+Authorities+see+su bsidence+problems+double.htm
590 ## - LOCAL NOTE (RLIN)
Local note WB
590 ## - LOCAL NOTE (RLIN)
Local note WB
650 ## - SUBJECT ADDED ENTRY--TOPICAL TERM
Topical term or geographic name entry element SUBSIDENCE CLAIMS
650 ## - SUBJECT ADDED ENTRY--TOPICAL TERM
Topical term or geographic name entry element TREE ROOT SUBSIDENCE
650 ## - SUBJECT ADDED ENTRY--TOPICAL TERM
Topical term or geographic name entry element INSURANCE CLAIMS
690 ## - LOCAL SUBJECT ADDED ENTRY--TOPICAL TERM (OCLC, RLIN)
Topical term or geographic name as entry element BUILDING AND CONSTRUCTION-DEFECTS AND FAILURES
942 ## - ADDED ENTRY ELEMENTS (KOHA)
Suppress in OPAC 0
Holdings
Withdrawn status Lost status Source of classification or shelving scheme Damaged status Not for loan Home library Current library Shelving location Date acquired Total Checkouts Full call number Barcode Date last seen Copy number Price effective from Koha item type
    Dewey Decimal Classification     London London News article 11/02/2004   WB4006-01 125106-1001 06/08/2019 1 06/08/2019 News article